00547nam a2200145 a 450000100100000000500170001000800410002704000250006810000360009324500680012926000610019730000210025895201050027999900170038400004044620201002034133.0130826s19uu dr 000 0 spa d aDO-SdBNPbspacBNPHU1 aCedeño, Víctor Livio91393913aEl monetarismo :bverdades y dogmas /cVíctor Livio Cedeño. aSanto Domingo :bFundación Dominico-Hispano.,c[199?]. a140 p. ;c21 cm. 0010718PDaPDbPDcCTd2013-08-26iLF1l0o p40446-10r2020-06-25w2020-06-25yLFPDZNo se presta c39936d39936